Crítica de la singularidad cultural / (Record no. 155107)

MARC details
000 -CABECERA
campo de control de longitud fija 00651nam a2200205 u 4500
005 - FECHA Y HORA DE LA ÚLTIMA TRANSACCIÓN
campo de control 20250226063756.0
008 - ELEMENTOS DE LONGITUD FIJA--INFORMACIÓN GENERAL
campo de control de longitud fija 120119s2003 mx r 000 0 spa d
020 ## - NÚMERO INTERNACIONAL NORMALIZADO PARA LIBROS
Número Internacional Estándar del Libro 8476586663
035 ## - NÚMERO DE CONTROL DEL SISTEMA
Número de control de sistema UPN01000183004
049 ## - COLECCIÓN
Colección CG
050 #4 - SIGNATURA TOPOGRÁFICA DE LA BIBLIOTECA DEL CONGRESO
Número de clasificación GN33
Número de documento/Ítem G6.3
100 1# - ASIENTO PRINCIPAL--NOMBRE PERSONAL
Nombre de persona González Echevarría, Aurora
9 (RLIN) 31848
245 10 - MENCIÓN DE TÍTULO
Título Crítica de la singularidad cultural /
Mención de responsabilidad, etc. Aurora Gónzalez Echevarría.
260 ## - PUBLICACIÓN, DISTRIBUCIÓN, ETC.
Lugar de publicación, distribución, etc. México :
Nombre del editor, distribuidor, etc. Anthropos :
-- UAM, Iztapalapa,
Fecha de publicación, distribución, etc. 2003.
300 ## - DESCRIPCIÓN FÍSICA
Extensión 492 p.
440 #0 - MENCIÓN DE SERIE/ASIENTO SECUNDARIO--TÍTULO
Título Autores, textos y temas.
Nombre de parte o sección de la obra Antropología ;
Designación de volumen o secuencia 38
650 #4 - ASIENTO SECUNDARIO DE MATERIA - TERMINO TEMATICO
Término de materia o nombre geográfico como elemento de entrada ANTROPOLOGIA -
Subdivisión general METODOLOGIA
9 (RLIN) 7915
650 #4 - ASIENTO SECUNDARIO DE MATERIA - TERMINO TEMATICO
Término de materia o nombre geográfico como elemento de entrada Etnología
Subdivisión general Metodología
9 (RLIN) 19935
905 ## - TIPO DE MATERIAL
Tipo de material Libro
Holdings
Estado de retiro Estado de pérdida Fuente del sistema de clasificación o colocación Estado dañado No para préstamo Código de colección Localización permanente Ubicación/localización actual Ubicación en estantería Total de préstamos Clasificación Código de barras Fecha visto por última vez Número de copia Tipo de ítem Koha
    Library of Congress Classification     Colección General Bib. Gregorio Torres Quintero Bib. Gregorio Torres Quintero Planta baja   GN33 G6.3 280714 31/12/2020 1 Libro
    Library of Congress Classification     Colección General Bib. Gregorio Torres Quintero Bib. Gregorio Torres Quintero Planta baja   GN33 G6.3 280712 31/12/2020 1 Libro
    Library of Congress Classification     Colección General Bib. Gregorio Torres Quintero Bib. Gregorio Torres Quintero Planta baja 1 GN33 G6.3 280713 31/12/2020 1 Libro